02015nam a2200229 450000500170000000800410001702000180005803700160007604000350009204100080012708200140013510000380014924500560018726000450024330000620028850504370035052008710078752100120165865000450167065000320171565000380174720250131094420.0231218b |||||||| |||| 00| 0 eng d a9789584982247 3Donación  aCO-JMCRcCO-JMCRdCO-JMCRerda aspa aJ-CbBLAa aBlandon Schiller, Alberto eAutor aAcarreo de laberintos / cAlberto Blandon Schiller  aBogotá: bGrubean´s press inc, c2023 a150 páginas bContiene fotografías del autor c21 cm  aLibro 1 Bestiario desolado: Mukura; Las bristinas; Caracoles de colores. Libro 2 Los lugares del dolor: Cuatofrenia; Deja la muleta y el bastón; Cenizas Libro 3 Ritual de precipicios: Este cadáver no es mío; Mellizos; Santuario; Sordo silencio. Libro 4 De sombras incesantes: ¿Cuanto falta para el domingo?; La dama de las nieves; Vestida de silencio. Libro 5 Ángelus del extravio: Ora pro Nobis; Acarreo de laberintos.  aAcarreo de laberintos, de Alberto Blandón Schiller, es un libro cuya singularidad radica en socavar su propia abstracción mítica mediante una épica de lo nimio: el dolor y el cuerpo adolorido. En efecto, el autor aborda la experiencia del dolor eso que Platón catalogaba entre las cosas despreciables por poco filosóficas como el vello púbico, el fango, o la basura- y la experiencia del cuerpo adolorido considerado como un monstruo que amenaza el orden establecido-; exigiendo para ellas la misma atención que suscita lo más sublime. Así, la lectura del libro transcurre como un tránsito sonámbulo por espacios en perpetua demolición donde cualquier rumbo significa aislamiento, pérdida de contacto físico en medio de un fragor espantosamente racional cuyos lenguajes son los de la violencia más irracional: la violencia del orden aAdultos 2JMCR aDolor en la literatura vCuentos  2JMCR aViolencia vCuentos  2JMCR aCuerpo humanoxLiteratura